000 00561nam a22001937a 4500
003 OSt
005 20240520102238.0
008 240520b |||||||| |||| 00| 0 eng d
020 _a9780471873730
040 _cDDC
082 _2Second Edition
_a530.13 EIS 1985
100 _4Resnick Robert, Eisberg Robert
245 _aQuantum Physics of Atoms, Molecules, Solids Nuclei and Particles.
260 _aCanada,
_bJohn Wiley & Sons,
_c1985.
300 _axiii;713p,
_bill,
_c25.9cm
504 _aAppendixes,Index
650 _aPhysics
_9809
942 _2ddc
_cO_SHELF
999 _c8339
_d8339